000
00273nam a2200109Ia 4500
008
220204s9999 xx 000 0 und d
082
_a
651
_b
ROY
100
_a
I L A
245
0
_a
Office organisation and secretarial practice
260
_a
Calcutta
_b
Elora
_c
1973
942
_c
BK
999
_c
24128
_d
24128